Statistics for April Fools' - American Edition

Click here to take the quiz!

General Stats

  • This quiz has been taken 7,382 times
  • The average score is 13 of 20

Answer Stats

QuestionAnswer% Correct
What former NFL star was convicted of murder in 1995?O.J. Simpson
88%
What is the rainiest major city in the U.S.?Seattle
81%
What country owns the majority of the U.S. government's debt?China
80%
What dim-witted U.S. politician claimed that she could see Russia from her house?Sarah Palin
80%
What is, by far, the largest part of the U.S. budget?Military
79%
What figure from American history had wooden teeth?George Washington
76%
What city had a great fire that was caused by Mrs. O'Leary's cow?Chicago
73%
What U.S. government agency invented crack cocaine?The CIA
70%
What group of people wore all-black outfits, and had buckles on their hats?The Pilgrims
65%
What communist dictator was once given a tryout with a Major League baseball team?Fidel Castro
61%
What U.S. state was home to the Wright Brothers?North Carolina
61%
What children's television show featured a character that was purple,
had a triangle on its head, and was gay?
Teletubbies
59%
What food product did George Washington Carver invent?Peanut Butter
58%
What now-illegal plant was used to make the paper on which the Constitution was printed?Hemp
56%
What number is the Los Angeles police code for marijuana use?420
54%
Which popular children's TV host was a former sniper, with numerous confirmed kills?
(Hint: he wore a sweater to cover up his tattoos)
Mr. Rogers
54%
Who claimed that he invented the internet?Al Gore
48%
Correctly spell the capital of KentuckyLouisville
44%
What did Abner Doubleday invent while living in Cooperstown, New York?Baseball
42%
What invention did NASA scientists waste millions of dollar making, instead of just using
a freakin' pencil like the practical Russians?
Space Pen
35%

Score Distribution

Percentile by Number Answered

Percent of People with Each Score

Your Score History

You have not taken this quiz